00930 a2200205 4500003000200000005001700002040000600019082001600025100003400041245015900075260003500234300001100269505020300280650002300483651001800506700004100524942001200565999001900577952012800596020251110185242.0 c0 a621.382,SAJ aCSUO Sajjad ( TCC-5)9131767 aStudy, design and establishment of a fiber optic link for analog and digital communication /cCSUO Sajjad, PC Aamir Watto , NC Yousaf Allah Dad (TCC-5)  aRawalpindibMCS (Lahore)c1997 a51 p.; aIntroduction (Page-1), Advantages and Applications (Page-7), Transmitters (Page-13), Receivers(Page-19), Type of Fiber (Page-29),Connectors and Splicing (Page-35), The Optical Fiber Link (Page-37).  aUG Projects998716 aTCC-59131762 aSupervised by W/C (R) Akhlaq9131768 2ddccPR c182153d182153 00102ddc4070aMCSbMCScREFd2016-12-12o621.382, SAJpMCSPTC-14r2016-12-08w2016-12-12yPRzAlmirah No.94, Shelf No. 1